Govt. of
Madhya Pradesh

Social Security[Justice] Walfare State Even After Fifty Years Of (Record no. 2046)

MARC details
000 -LEADER
fixed length control field 004830000a22001810004500
003 - CONTROL NUMBER IDENTIFIER
control field MACL
005 - DATE AND TIME OF LATEST TRANSACTION
control field 20150731160547.0
008 - FIXED-LENGTH DATA ELEMENTS--GENERAL INFORMATION
fixed length control field 150731b xxu||||| |||| 00| 0 eng d
040 ## - CATALOGING SOURCE
Original cataloging agency MACL
Transcribing agency MACL
041 ## - LANGUAGE CODE
Language code of text/sound track or separate title English
082 ## - DEWEY DECIMAL CLASSIFICATION NUMBER
Classification number 362/SIN
100 ## - MAIN ENTRY--PERSONAL NAME
Personal name Sinha, Anand P.
9 (RLIN) 3830
245 ## - TITLE STATEMENT
Title Social Security[Justice] Walfare State Even After Fifty Years Of
260 ## - PUBLICATION, DISTRIBUTION, ETC. (IMPRINT)
Name of publisher, distributor, etc. Madhuri Prakashan
Date of publication, distribution, etc. 1999
Place of publication, distribution, etc. New Delhi
350 ## - PRICE (NR) (BK AM CF MU VM SE) [OBSOLETE]
Price 100
650 ## - SUBJECT ADDED ENTRY--TOPICAL TERM
Topical term or geographic name as entry element Social Science
9 (RLIN) 3831
942 ## - ADDED ENTRY ELEMENTS (KOHA)
Koha item type Books
Call number prefix 362
Source of classification or shelving scheme
Holdings
Withdrawn status Lost status Source of classification or shelving scheme Damaged status Not for loan Home library Current library Date acquired Cost, normal purchase price Total Checkouts Full call number Barcode Date last seen Uniform Resource Identifier Price effective from Koha item type
          MACL MACL 15/04/2015 100.00   362/SIN CRE019352 02/05/2024 2043 15/04/2015 Books